| 000 | 00530nam a22001817a 4500 | ||
|---|---|---|---|
| 005 | 20251108172718.0 | ||
| 008 | 250721s1996 xx 000 0 ara d | ||
| 020 | _a96053003069 | ||
| 082 | 1 | 4 | _a616.2/سمي |
| 100 | 1 |
_aسميدس، جون _eمؤلف |
|
| 245 | 1 | 0 | _aعلاج الربو وحمى القش / |
| 264 | 1 |
_aبيروت : _bالدار العربية للعلوم، _c1996. |
|
| 300 | _a119ص | ||
| 650 | 1 | 7 | _aأمراض التنفس |
| 650 | 1 | 7 | _aالإلتهاب الرئوي |
| 942 |
_2ddc _cBK |
||
| 999 |
_c86586 _d86586 |
||